000 00769nam a2200193Ia 4500
008 151121s9999||||xx |||||||||||||| ||und||
082 _a181।4/घैसास
082 _bHNW-51360
100 _aघैसास दिवाकर -अनु।
245 _a"श्रीलंकेतील प्रवचने, 1980"
260 _b"कृष्णमूर्ती फाउंडेशन, मद्रास"
260 _c--
300 _a52
600 _aघैसास दिवाकर -अनु।
630 _a"श्रीलंकेतील प्रवचने, 1980"
700 _aघैसास दिवाकर -अनु।
730 _a"श्रीलंकेतील प्रवचने, 1980"
942 _cBOOK
999 _c1235772
_d1235769